| 000 | 00535nam a2200205Ia 4500 | ||
|---|---|---|---|
| 005 | 20140313084414.0 | ||
| 008 | 140130s9999 xx 000 0 und d | ||
| 020 | _a043931433X | ||
| 050 |
_aQL 737.C27 _b.St67 2000 |
||
| 100 | _aStamper, Judith | ||
| 245 |
_cJudith Stamper _aPolar Bear Patrol / |
||
| 260 |
_bScholastic, _c2000. _aNew York : |
||
| 300 |
_a91 p. : _bill. ; _c20 cm. |
||
| 440 | _aThe Magic School Bus : Chapter Book | ||
| 521 | _aG2 | ||
| 526 | _c460 | ||
| 942 |
_cBK _2lcc |
||
| 999 |
_c40414 _d40414 |
||